Statistics for Mal's General Knowledge 29

Click here to take the quiz!

General Stats

  • This quiz has been taken 892 times
    (424 since last reset)
  • The average score is 7 of 20

Answer Stats

HintAnswer% Correct
1) What is the Capital City of Lithuania?Vilnius
81%
13) A 'Diamond' is composed of which Element?Carbon
78%
20) What is the name of the hard, white, outer, visible layer of a tooth?Enamel
62%
17) APOLLON (Apollo) The God of Music, Prophecy and Healing was the son of ?Zeus & Leto
56%
19) Which is the only USA State to share a border with Kansas and Kentucky?Missouri
53%
10) What Country borders the North West corner of Gabon?Equatorial Guinea
41%
18) What is a group of Kittens called?Kindle / Litter
40%
12) Who wrote 'Gulliver's Travels'?Jonathan Swift
37%
15) Mount Elbrus (highest in Europe) is in which Mountain Range?The Caucasus
33%
5) In Fleming's 'Bond' books, Bond's most common drink was?Whisky
33%
9) When seasonal rivers cease to flow they leave ponds that in Australia are called what?Billabongs
28%
8) In which Country was Champagne invented?UK
27%
2) Neptune's largest moon is?Triton
20%
16) Within 3 meters what is the height of the 'Christ the Redeemer' statue in Rio?38m
18%
14) Who was the only World Champion Heavyweight Boxer to retire undefeated?Rocky Marciano
17%
6) In which battle were 10,000 horses killed in a day?Waterloo
14%
4) Which was the first Symphony to include Trombones?Beethoven's Fifth
8%
3) What is the 'Fear of Snakes' called?Ophidiophobia / Herpetophobia
8%
11) Which 'Movie Star' used to work as a 'hairdresser / make up artist' for 'corpses'?Danny Devito / Whoopi Goldberg
3%
7) Johnny Cash was left with an addiction to painkillers after being attacked by what animal?Ostrich
3%

Score Distribution

Percentile by Number Answered

Percent of People with Each Score

Your Score History

You have not taken this quiz since the last reset